000 00528nam a2200169 4500
999 _c4384
_d4384
008 160906b xxu||||| |||| 00| 0 eng d
022 _a2094-8042
082 _aDPer 370.105 M72 Jan-Dec 2012 V. 60-61
100 _914193
_aRumias, Ferdinand P.
243 _aThe modern teacher
245 _aChivalry is dead/
_cFerdinand P. Rumias.
260 _aPhilippines:
_bIn the Grade School, Inc.,
_c©2012.
300 _aV61 n3, page 103;
_c28 cm.
500 _aThe Modern Teacher
650 0 _914194
_aValues
942 _2ddc
_cPER